000 00336nam a2200145Ia 4500
008 230718s9999 xx 000 0 und d
041 _aEng.
082 _a340.1
_bHAR-T
100 _aHare, H.L.A
245 4 _aThe concept of Law
260 _aPakistan
_bOxford University Press
_c2012
300 _a626
650 _aLaw
999 _c32287
_d32287